| 000 | 00345nam a2200145Ia 4500 | ||
|---|---|---|---|
| 008 | 150201s2005 xx 000 0 und d | ||
| 082 |
_a616.5 _bS05H |
||
| 100 | _aNEVILLE,BRAD W | ||
| 245 | _aSKIN DISEASE DIGNOSIS & TREATMENT | ||
| 250 | _a2ND | ||
| 260 |
_bMOSBY _aDELHI _c2005 |
||
| 300 | _a1-661 | ||
| 650 | _aDERMATOLOGY | ||
| 942 |
_2ddc _cBK _04 |
||
| 999 |
_c565 _d565 |
||